| 000 | 00678nam a2200205 a 4500 | ||
|---|---|---|---|
| 001 | 000010805 | ||
| 005 | 20240412074221.0 | ||
| 008 | 091012s2004 dr a 000 p spa d | ||
| 040 |
_aDO-SdBNP _bspa _cBNPHU |
||
| 082 |
_aRD861.44 _bO64a |
||
| 100 | 1 |
_aOrbe, Justo Orlando del, _d1963- _926104 |
|
| 245 | 1 | 0 |
_aA veces te recuerdo / _cJusto Orlando del Orbe. |
| 260 |
_a[Santo Domingo] : _bSEEBAC, _c[19--]. |
||
| 300 |
_a65 p. : _bil. ; _c21 cm. |
||
| 500 | _aIncluye datos biográficos del autor en la contraportada | ||
| 590 | _aInventariado, 2018/LP | ||
| 650 | 0 |
_aPoesÃa dominicana _966 |
|
| 650 | 0 |
_aLiteratura dominicana. _967 |
|
| 910 | _aValidado. Control de calidad MFF | ||
| 999 |
_c10554 _d10554 |
||